Film & TV Characters - Name The Actor - Statistics

General Stats
  • This quiz has been taken 27 times
  • The average score is 7 of 20
Answer Stats
Hint Answer % Correct
Black Adder, Mr Bean, Johnny English Rowan Atkinson
94%
Batman, Doug Ross, Booker George Clooney
61%
Eddie, Doug Roberts, Butch Cassidy Paul Newman
61%
Pop Larkin, Granville, Del Boy David Jason
39%
Claudia Draper, Fanny Brice, Dolly Levi Barbra Streisand
33%
Mrs Taggart, Jane Hudson, Margo Channing Bette Davis
33%
Zeus, Big Daddy Pollitt, Henry V Laurence Olivier
33%
Sugar Kane Kowalczyk, Pola Debevoise, Lorelei Lee Marilyn Monroe
33%
John Robie, Roger Thornhill, Walter Burns Cary Grant
28%
Blanche Hudson, Mildred Pierce, Vienna Joan Crawford
28%
Purdey, Patsy Stone, Elaine Perkins Joanna Lumley
28%
Hyacinth Bucket, Kitty, Hetty Wainthrop Patricia Routledge
28%
Arkwright, Norman Fletcher, Clarence Ronnie Barker
28%
George Carter, Terry McCann, William Brown Dennis Waterman
22%
Vicki Lester, Hannah Brown, Irene Hoffman Judy Garland
22%
Kenneth Halliwell, Rahad Jackson, Comte De Reynaud Alfred Molina
17%
Mike Lane, Jenko, Burt Gurney Channing Tatum
17%
James Kavanagh, Tom Oakley, Jack Regan John Thaw
17%
Connie, Sable Colby, Rose Millar Stephanie Beacham
17%
Frederick Carver, Julius Caesar, Khasi Of Kalibar Kenneth Williams
11%
No matching quizzes found
Score Distribution
Percent of People with Each Score
Percentile by Number Answered
Your Score History
You have not taken this quiz